000 00567nam a2200181Ia 4500
001 10715
005 20260306161852.0
008 260306t1988||||xx |||||||||||||| ||spa||
041 _aESP
082 _a946.083
_bM26
100 _aMartín del Barrio, Francisco Javier
_eAUT
245 0 _aLos reyes en Navarra:
_bvisita oficial se SS.MM. los Reyes Don Juan Carlos y Doña Sofía a la Comunidad Foral de Navarra, 8, 9, y 10 de febrero de 1988
260 _c1988
300 _a219 páginas :
_c30 cm.
650 _aGEN
654 _aCHU
942 _cLIB
_dJUS
_fJUS
_2ddc
_n
999 _c10715
_d10715